000 00375nam a2200145Ia 4500
008 220204s9999 xx 000 0 und d
082 _a631/635
_bADV.73
100 _aSparks, Donald L
245 0 _aAdvances in agronomy V.73
260 _aSan Diego
_bAcademic Press
_c2001
650 _aDwarfing genes
650 _aNitrogen fertilizers
650 _aRhizobia
942 _cBK
999 _c41850
_d41850